| 000 | 00408nam a22001697a 4500 | ||
|---|---|---|---|
| 003 | MPLRDC | ||
| 005 | 20220104114553.0 | ||
| 008 | 210129b ||||| |||| 00| 0 eng d | ||
| 082 | _a192.15 MDCS v.25 | ||
| 100 | _a王佳英编译 | ||
| 245 |
_a女性美 _c |
||
| 260 |
_a _b常春树书坊 _c1985 |
||
| 300 | _b平 | ||
| 490 | _a美的丛书. 25 | ||
| 650 | _a修身--女性 | ||
| 942 |
_cBK _o192.15 MDCS v.25 |
||
| 999 |
_c8515 _d8505 |
||